Revolución sobre Alemania / (Record no. 141546)

MARC details
000 -LEADER
campo de control de longitud fija 00584nam a2200181 i 4500
001 - NÚMERO DE CONTROL
campo de control 141546
003 - IDENTIFICADOR DE NÚMERO DE CONTROL
campo de control ES-MaACL
005 - FECHA Y HORA DE LA ÚLTIMA TRANSACCIÓN
campo de control 20230906200321.0
007 - CAMPO FIJO DE DESCRIPCIÓN FÍSICA--INFORMACIÓN GENERAL
campo de control de longitud fija t|
008 - DATOS DE LONGITUD FIJA--INFORMACIÓN GENERAL
campo de control de longitud fija 070925s1931 sp ||||1| spa d
100 1# - ENTRADA PRINCIPAL--NOMBRE DE PERSONA
Nombre de persona Volkmann, E. O.
9 (RLIN) 115698
245 10 - MENCIÓN DEL TÍTULO
Título Revolución sobre Alemania /
Mención de responsabilidad, etc. E. O. Volkmann ; traducción del alemán por Luis Fernández Rica.
260 ## - PUBLICACIÓN, DISTRIBUCIÓN, ETC.
Lugar de publicación, distribución, etc. Madrid :
Nombre del editor, distribuidor, etc. Ulises,
Fecha de publicación, distribución, etc. 1931 (
Fabricante Prensa Moderna)
300 ## - DESCRIPCIÓN FÍSICA
Extensión 320 p. ;
Dimensiones 17 cm.
650 #4 - PUNTO DE ACCESO ADICIONAL DE MATERIA--TÉRMINO DE MATERIA
Término de materia o nombre geográfico como elemento de entrada Guerra mundial, 1914-1918-
Subdivisión de forma Novelas.
9 (RLIN) 138884
700 1# - ENTRADA AGREGADA--NOMBRE PERSONAL
Nombre de persona Fernández Rica, Luis.
9 (RLIN) 50030
852 ## - LOCALIZACIÓN
Ubicación ES-MaACL
Número de control de estantería F-13672
Holdings
Estatus retirado Estado de pérdida Estado de daño No para préstamo Biblioteca de origen Biblioteca actual Ubicación en estantería Fecha de adquisición Fuente de adquisición Total de préstamos Signatura topográfica completa Código de barras Visto por última vez Precio de reemplazo Tipo de ítem Koha
        Biblioteca del Ateneo de Madrid Biblioteca del Ateneo de Madrid Sala Pecera Planta 2 17/01/2008     F-13672 1147282 23/02/2023 23/02/2023 Libro impreso